| 000 | 00452nam a22001577a 4500 | ||
|---|---|---|---|
| 005 | 20240322101647.0 | ||
| 008 | 240322b |||||||| |||| 00| 0 eng d | ||
| 020 | _a9781584503774 | ||
| 082 |
_a794.815 _bRAB-I |
||
| 245 |
_aIntroduction to game development / _c[Editor] Steve Rabin |
||
| 260 |
_aindia: _bThomson; _c2005. |
||
| 300 |
_axxvii, 979 p. : _bill; _c24 cm. |
||
| 500 | _ainclude index. | ||
| 650 | _acomputer science/programming | ||
| 999 |
_c35434 _d35434 |
||